000
00213nam a22000857a 4500
003
SGT
245
_a
INDIAN JOURNAL OF COMPUTER SCIENCE
260
_a
NEW DELHI
_b
GB' S PUBLISHERS AND DISTRIBUTORS
_c
2015
942
_2
ddc
_c
BV
999
_c
21478
_d
21478